000 00374nam a2200145Ia 4500
005 20260328104317.0
008 260328s9999||||xx |||||||||||||| ||und||
100 _aNarvaez, Jorge
245 0 _aTabasco tipologia de Vivienda /
_cJorge Narvaez
250 _a1a ed.
260 _bUniversidad Autónoma Metropolitana
300 _a131 p.
650 _aVIVIENDA
942 _cBK
999 _c11190
_d11190